Ropné šoky bakalárska práca

Salvato in:
Dettagli Bibliografici
Autore principale: Haršány, Pavel
Ente Autore: Národohospodárska fakulta EU. Katedra bankovníctva a medzinárodných financií
Altri autori: Árendáš, Peter, 1986-
Natura: Libro
Lingua:slovacco
Pubblicazione: Bratislava 2011
Tags: Aggiungi Tag
Nessun Tag, puoi essere il primo ad aggiungerne!!

MARC

LEADER 00000nbm a2200000 4500
001 0139710
005 20161109111640.8
041 0 |a slo 
044 |a SK 
245 1 0 |a Ropné šoky  |b bakalárska práca  |c Pavel Haršány ; školiteľ: Peter Árendáš 
264 1 |a Bratislava  |c 2011 
300 |a 36 s. 
100 1 |a Haršány, Pavel 
700 1 |a Árendáš, Peter, 1986- 
710 2 |a Národohospodárska fakulta EU. Katedra bankovníctva a medzinárodných financií